000 01488cam a22003494a 4500
001 14122902
003 OSt
005 20151007170559.0
008 050928s2007 cauab b 001 0 eng
010 _a 2005934718
020 _a0495091588
040 _aDLC
_cDLC
_dDLC
043 _an-us---
050 0 0 _aHN59.2
_b.M66 2005
100 1 _aMooney, Linda A.
245 1 0 _aUnderstanding social problems /
_cLinda A. Mooney, David Knox, Caroline Schacht.
250 _a5th ed.
260 _aBelmont, CA :
_bThomson Higher Education,
_cc2007.
300 _a1 v. (various pagings) :
_bill. (chiefly col.), col. maps ;
_c26 cm.
504 _aIncludes bibliographical references and indexes.
650 0 _aSocial problems
_zUnited States.
651 0 _aUnited States
_xSocial conditions
_y1980-
700 1 _aKnox, David,
_d1943-
700 1 _aSchacht, Caroline.
856 4 2 _3Contributor biographical information
_uhttp://www.loc.gov/catdir/enhancements/fy1515/2005934718-b.html
856 4 2 _3Publisher description
_uhttp://www.loc.gov/catdir/enhancements/fy1515/2005934718-d.html
856 4 1 _3Table of contents only
_uhttp://www.loc.gov/catdir/enhancements/fy1515/2005934718-t.html
906 _a7
_bcbc
_corigcop
_d3
_eepcn
_f20
_gy-gencatlg
942 _2lcc
_cBK
999 _c250279
_d250279